Guess The Video Game Logos Pt.4 - Statistics

General Stats
  • This quiz has been taken 59 times
  • The average score is 7 of 16
Answer Stats
Picture Answer % Correct
World Of Warcraft
74%
Valorant
66%
Raft
56%
Talking Angela
50%
Human Fall Flat
48%
Rec Room
48%
Untitled Goose Game
48%
Animal Crossing
40%
Balatro
40%
Super Meat Boy
40%
Spore
38%
Security Breach
32%
Epic Mickey
26%
Clash Mini
24%
RareWare
20%
Bloons TD Battles 2
18%
No matching quizzes found
Score Distribution
Percent of People with Each Score
Percentile by Number Answered
Your Score History
You have not taken this quiz